000
00321nam a22001457a 4500
999
_c
167251
_d
167251
082
_a
_b
100
_a
Mehta J L
245
_a
Advanced study in the history of medieval India (v.3)/
_c
by Mehta J L.
260
_a
_b
Sterling,
_c
2011.
300
_a
324p.
600
_a
650
_a
700
_a
942
_c
BK